| 000 | 00601cam a22002054a 4500 | ||
|---|---|---|---|
| 001 | 11856721 | ||
| 005 | 20240229043200.0 | ||
| 008 | 991117s1999 quc b 000 0 eng | ||
| 020 | _a2922084167 | ||
| 040 |
_aDLC _cDLC _dDLC |
||
| 082 |
_222 _a323 _bWOM. |
||
| 100 | 1 | _aMazurana, Dyan E. | |
| 245 | 1 | 0 |
_aWomen & peacebuilding / _cDyan E Mazurana and Susan R. McKay. |
| 260 |
_aMontreal : _bInternational Centre for Human Rights and Democratic Development, _c1999. |
||
| 300 | _avii, 116 p. ; | ||
| 650 | 0 | _aWomen and peace. | |
| 650 | 0 | _aPeace-building. | |
| 700 | 1 |
_aMcKay, Susan, _eedt |
|
| 942 | _cL | ||
| 999 |
_c518 _d518 |
||